000 00472nam a2200133Ia 4500
008 100328s9999 xx 000 0 und d
082 _b68027
100 _aबोरुडे संजय.
245 _aसिस्टिमॅटिक रिव्हेंज.
260 _bप्राजक्त.
630 _aसिस्टिमॅटिक रिव्हेंज.
730 _aसिस्टिमॅटिक रिव्हेंज.
942 _cBOOK
999 _c553766
_d553763